<?xml version="1.0" encoding="UTF-8"?>
<record
    xmlns:xsi="http://www.w3.org/2001/XMLSchema-instance"
    xsi:schemaLocation="http://www.loc.gov/MARC21/slim http://www.loc.gov/standards/marcxml/schema/MARC21slim.xsd"
    xmlns="http://www.loc.gov/MARC21/slim">

  <leader>01323aab a2200205 i 4500</leader>
  <controlfield tag="001">768714001</controlfield>
  <controlfield tag="003">CO-MdFUSB</controlfield>
  <controlfield tag="005">20240326102626.0</controlfield>
  <controlfield tag="008">240318t1992    ag ||||| |||| 00| 0 spa d</controlfield>
  <datafield tag="040" ind1=" " ind2=" ">
    <subfield code="b">spa</subfield>
    <subfield code="c">CO-MdFUSB</subfield>
  </datafield>
  <datafield tag="041" ind1=" " ind2=" ">
    <subfield code="a">spa</subfield>
  </datafield>
  <datafield tag="100" ind1="1" ind2=" ">
    <subfield code="a">Camargo L&#xF3;pez, Jes&#xFA;s</subfield>
    <subfield code="e">autor</subfield>
  </datafield>
  <datafield tag="245" ind1="1" ind2="0">
    <subfield code="a">Roles sexuales y doble jornada femenina</subfield>
    <subfield code="c">/ Jes&#xFA;s Camargo L&#xF3;pez , Carmen P&#xE9;rez de Camargo</subfield>
  </datafield>
  <datafield tag="300" ind1=" " ind2=" ">
    <subfield code="a">Volumen 11, n&#xFA;mero 4 (octubre - diciembre, 1992), p&#xE1;ginas, 26 - 28</subfield>
    <subfield code="c">; 27 cm</subfield>
  </datafield>
  <datafield tag="520" ind1=" " ind2=" ">
    <subfield code="a">Los cambios sociales ocurridos durante las &#xFA;ltimas d&#xE9;cadas han modificado los roles sexuales afectando las relaciones de la pareja y de la familia moderna. Uno de estos cambios ha sido la esfera de trabajo de la mujer. Seg&#xFA;n un dicho antiguo: "el mundo es del hombre, el lugar de la mujer est&#xE1; en el hogar". Sin embargo, la irrupci&#xF3;n de la industria, la modernidad y el feminismo en las sociedades latinoamericanas ha incorporado a la mujer a la fuerza de trabajo asalariada.
Para las familias pobres, el trabao de la mujer por fuera de la casa no es opcional sino una necesidad imperiosa.</subfield>
  </datafield>
  <datafield tag="653" ind1=" " ind2=" ">
    <subfield code="a">Roles sexuales</subfield>
  </datafield>
  <datafield tag="700" ind1="1" ind2=" ">
    <subfield code="a">P&#xE9;rez de Camargo, Carmen</subfield>
    <subfield code="e">autor</subfield>
  </datafield>
  <datafield tag="773" ind1="0" ind2=" ">
    <subfield code="t">Iglesia y Misi&#xF3;n</subfield>
    <subfield code="0">49402</subfield>
    <subfield code="9">59656</subfield>
    <subfield code="g">Volumen 11, n&#xFA;mero 4 (octubre - diciembre, 1992), p&#xE1;gina: 26 - 28</subfield>
    <subfield code="q">p&#xE1;ginas: 26</subfield>
  </datafield>
  <datafield tag="942" ind1=" " ind2=" ">
    <subfield code="c">ANA</subfield>
  </datafield>
  <datafield tag="999" ind1=" " ind2=" ">
    <subfield code="c">51981</subfield>
    <subfield code="d">51981</subfield>
  </datafield>
</record>
